[Event "AUT-ch U14 Girls"]
[Site "St Veit"]
[Date "2017.06.06"]
[Round "7.8"]
[White "Ramadani, Daliah"]
[Black "Oberberger, Bianca"]
[Result "0-1"]
[WhiteElo "1020"]
[BlackElo "1099"]
[PlyCount "146"]
[EventDate "2017.06.03"]
[EventType "swiss"]
[EventRounds "7"]
[EventCountry "AUT"]
[SourceTitle "EXT 2024"]
[Source "ChessBase"]
[SourceDate "2023.10.10"]
[SourceVersion "1"]
[SourceVersionDate "2023.10.10"]
[SourceQuality "1"]

1. e4 e5 2. Nf3 Nc6 3. Bc4 Bc5 4. Nc3 Nf6 5. d3 h6 6. h3 d6 7. Be3 Bb6 8. Qd2 Be6 9. 0-0-0 Bxc4 10. dxc4 0-0 11. Nd5 Nxe4 12. Qe2 Nf6 13. Qd2 Bxe3 14. Nxe3 Re8 15. Rhe1 Ne7 16. g4 Ne4 17. Qe2 Ng6 18. c5 Nxc5 19. Qc4 b6 20. h4 Nxh4 21. Nxh4 Qxh4 22. Nd5 Rac8 23. f3 Qg5+ 24. Rd2 c6 25. Ne3 Rcd8 26. b4 Ne6 27. Qxc6 Nd4 28. Qd5 Qf6 29. Rf1 Rc8 30. Rff2 Qe6 31. Qxe6 Rxe6 32. f4 Ree8 33. Kb2 Rcd8 34. Nd5 Nc6 35. f5 f6 36. Nc7 Re7 37. Nd5 Rb7 38. c3 Ne7 39. Ne3 Rc7 40. Rd3 b5 41. Rfd2 Rc6 42. Nd5 Nxd5 43. Rxd5 a6 44. Kc2 Kf7 45. Kd3 Ke7 46. Kc2 Rdc8 47. R5d3 Ra8 48. a3 a5 49. bxa5 Rxa5 50. Kb3 Raa6 51. Kb4 Kf7 52. Kxb5 Rab6+ 53. Ka5 Ke7 54. Rd5 Kd7 55. Rb5 Rxb5+ 56. Kxb5 Rc8 57. a4 Rc5+ 58. Kb6 Rxc3 59. a5 Rb3+ 60. Ka6 Kc6 61. Rc2+ Kd7 62. Ka7 e4 63. a6 e3 64. Re2 d5 65. Ka8 d4 66. a7 Kd6 67. Re1 Rb2 68. Rf1 Ke5 69. Re1 Ke4 70. Rf1 d3 71. g5 hxg5 72. Re1 e2 73. Rg1 Kf3 0-1

[Event "AUT-ch U14 Girls"]
[Site "St Veit"]
[Date "2017.06.04"]
[Round "4.8"]
[White "Busta, Emilia"]
[Black "Ramadani, Daliah"]
[Result "0-1"]
[WhiteElo "905"]
[BlackElo "1020"]
[PlyCount "60"]
[EventDate "2017.06.03"]
[EventType "swiss"]
[EventRounds "7"]
[EventCountry "AUT"]
[SourceTitle "EXT 2024"]
[Source "ChessBase"]
[SourceDate "2023.10.10"]
[SourceVersion "1"]
[SourceVersionDate "2023.10.10"]
[SourceQuality "1"]

1. e4 e5 2. Bc4 Nf6 3. d3 d5 4. exd5 Nxd5 5. Nf3 Be6 6. Nxe5 Nc6 7. Bf4 Nxf4 8. Nxc6 bxc6 9. 0-0 Bd6 10. Re1 Qh4 11. g3 Nh3+ 12. Kg2 Qf6 13. Qh5 Ng5 14. Qg4 0-0 15. Bxe6 fxe6 16. Nc3 Rae8 17. Ne4 Nxe4 18. Qxe4 Qxf2+ 19. Kh1 Qxc2 20. Re2 Qc5 21. Qe3 Qh5 22. Rc2 Qh3 23. Rcc1 Re7 24. Qe4 Ref7 25. Kg1 e5 26. Qh4 Bc5+ 27. d4 Bxd4+ 28. Qxd4 exd4 29. Rf1 Rxf1+ 30. Rxf1 Qxf1# 0-1